000 00939nam a2200229Ii 4500
003 JO-AjNU
008 230605s9999||||xx |||||||||||||| ||und||
017 _a2012/3/892
040 _aJO-AjNU
_bara
_erda
_cJO-AjNU
041 _aara
050 1 4 _aDS36.82.J6.T36 2012
100 3 _aتحرير النوايسة، حكمت؛ متابعة وتنسيق زيد العجلوني,
_eauthor
_948952
245 0 0 _aالتنوع الثقافي في الأردن: النسيج اجتماعي، والتشريعات، والفعاليات الثقافية
250 _aط1
264 3 1 _aعمان: وزارة الثقافة، 2012
300 _a178ص
336 _atext
_btxt
_2rdacontent
337 _aunmediated
_bn
_2rdamedia
338 _avolume
_bnc
_2rdacarrier
490 0 _aسلسلة كتب ثقافية؛ 168/ وزارة الثقافة (الاردن)
650 4 _aالثقافة - النسيج الاجتماعي - الاردن
_948953
999 _aA21471
_c25039
_d25039